000 00235 a2200097 4500
001 19817
100 _aLeach E R
245 _aCambridge papers in social anthrology
260 _a
_bCambridge University Press
_c
090 _c14441
_d14441
942 _aNUST-CAE
_cM
_c4938
999 _c254890
_d254890